Countries by Wikipedia Descriptions - Statistics

General Stats
  • This quiz has been taken 560 times
  • The average score is 16 of 20
Answer Stats
Hint Answer % Correct
About 77% of the population live in the western, European part of the country. Russia
96%
It is the world's largest island country, with more than seventeen thousand islands. Indonesia
95%
Open corruption and oppression under Batista's rule led to his ousting in January 1959 by the 26th of July Movement, which afterwards established communist rule under the leadership of Fidel Castro. Cuba
94%
The Renaissance began here and spread to the rest of Europe, bringing a renewed interest in humanism, science, exploration and art. Italy
89%
The kanji that makes up its name means "sun origin", and it is often called the "Land of the Rising Sun". Japan
88%
The name of the country is first recorded in texts from the Vedic period of the Indian subcontinent, the era in ancient India when Hinduism was founded, the predominant religion of the country. Nepal
85%
It hosts the world's fourth-largest number of UNESCO World Heritage Sites and is the leading tourist destination, receiving around 83 million foreign visitors annually. France
84%
Its territory lies on the equator and overlies the East African Rift, covering a diverse and expansive terrain that extends roughly from Lake Victoria to Lake Turkana Kenya
84%
Most of the areas below sea level, known as polders, are the result of land reclamation beginning in the 16th century. Netherlands
84%
It is a founding member of the United Nations, NATO, the European Free Trade Association, the Council of Europe, the Antarctic Treaty, and the Nordic Council. Norway
84%
It was inhabited by numerous tribal nations prior to the landing in 1500 of explorer Pedro Álvares Cabral, who claimed the area for the Portuguese Empire. Brazil
83%
Its climate varies widely across its vast area, ranging from arctic weather in the north, to hot summers in the southern regions, with four distinct seasons. Canada
83%
It emerged as one of the world's earliest civilizations, in the fertile basin of the Yellow River. China
80%
The Aegean Sea lies to the east of the mainland, the Ionian Sea to the west, the Cretan Sea and the Mediterranean Sea to the south. Greece
80%
It has the third-largest youth population in the world, after India and China, with more than 90 million of its population under age 18. Nigeria
77%
Although its population is only 4.3% of the world total, it holds 33% of the total wealth in the world, the largest share of global wealth concentrated in a single country. United States
74%
Until the early 19th century, it was best known as "New Holland", a name first applied by the Dutch explorer Abel Tasman in 1644 (as Nieuw-Holland) and subsequently anglicised. Australia
70%
It claims the areas of Ceuta, Melilla and Peñón de Vélez de la Gomera, all of them currently under Spanish jurisdiction. Morocco
68%
Along with Liechtenstein, it is one of the world's only two doubly landlocked countries (i.e. sharing borders only with other landlocked countries). Uzbekistan
62%
The Spanish arrived in 1499 and by the mid-16th century conquered and colonized much of the region, establishing the New Kingdom of Granada Colombia
60%
No matching quizzes found
Score Distribution
Percent of People with Each Score
Percentile by Number Answered
Your Score History
You have not taken this quiz